| 000 | 00394nam a22001697a 4500 | ||
|---|---|---|---|
| 999 |
_c10595 _d10595 |
||
| 003 | OSt | ||
| 008 | 210327b ||||| |||| 00| 0 eng d | ||
| 020 | _a9789332543515 | ||
| 082 | _a006.33 RUA | ||
| 100 | _aRUSSELL,Stuart J | ||
| 245 | _aArtificial Intelligence | ||
| 250 | _a3rd | ||
| 260 |
_aNew Delhi _bPearson _c2021 |
||
| 300 | _a1145 | ||
| 700 | _aNORVIG,Peter | ||
| 942 |
_2ddc _cBK _04 |
||